दूसरा पंचतंत्र / (Record no. 37287)

MARC details
000 -LEADER
fixed length control field 00967nam a22002417a 4500
005 - DATE AND TIME OF LATEST TRANSACTION
control field 20100722153930.0
010 ## - LCCN (DPL NO)
LC control number HIN-89788
020 ## - INTERNATIONAL STANDARD BOOK NUMBER
International Standard Book Number 9788170168775
Terms of availability 330.00
035 ## - SYSTEM CONTROL NUMBER
System control number HN-62134
037 ## - SOURCE OF ACQUISITION
Source of stock number/acquisition DBAD/PUB
082 ## - DEWEY DECIMAL CLASSIFICATION NUMBER
Classification number
100 ## - MAIN ENTRY--PERSONAL NAME
Personal name यादव, उषा
245 ## - TITLE STATEMENT
Title दूसरा पंचतंत्र /
Statement of responsibility, etc उषा य़ादव
246 ## - VARYING FORM OF TITLE
Title proper/short title Doosra Panchtantra
Remainder of title by Usha Yadav
260 ## - PUBLICATION, DISTRIBUTION, ETC. (IMPRINT)
Place of publication, distribution, etc नई दिल्ली
Name of publisher, distributor, etc किताबघर
Date of publication, distribution, etc 2010
270 ## - ADDRESS
Address बी एम-7, (वेस्ट) शालीमार बाग
City नई दिल्ली
Postal code 110002
300 ## - PHYSICAL DESCRIPTION
Extent 264पृ.
Dimensions 22सेमी (सजिल्द)
650 ## - SUBJECT ADDED ENTRY--TOPICAL TERM
Topical term or geographic name as entry element लघु कथाएँ, हिन्दी
650 ## - SUBJECT ADDED ENTRY--TOPICAL TERM
Topical term or geographic name as entry element Short Stories
700 ## - ADDED ENTRY--PERSONAL NAME
9 (RLIN) 798
942 ## - ADDED ENTRY ELEMENTS (KOHA)
Source of classification or shelving scheme Dewey Decimal Classification
Item type Hindi Books
Classification part
Call number suffix यादव
Holdings
Withdrawn status Lost status Not for loan Collection code Home library Current library Date acquired Source of acquisition Cost, normal purchase price Full call number Barcode Copy number Cost, replacement price Koha item type
    Not For Loan Fiction D.B.Act.Division D.B.Act.Division 22/07/2010 DBAD / PUB 330.00 क-यादव HN-62134 1 330.00 Hindi Books

© Delhi Public Library
Hit Counter
free hit counter